000 00445nam a2200157 i 4500
001 bg
100 1 _aLAZAR, Jan
245 0 _aGleboznawstwo z podstawowymi wiadomoĊ›ciami z geologii, mineralogii, petrografii i hydrogeologii.
_cJan Lazar.
_nCz. 1 i 2 /
260 _aWarszawa, PWN,
_c1958.
650 9 _aGleboznawstwo
040 _cBPK
041 _apol
080 _a631.4(075.8)
942 _cKS
008 s pl f |000 0 pol
999 _c49750
_d49750
856 _uhttp://koha.tu.koszalin.pl/cgi-bin/koha/opac-detail.pl?biblionumber=49750
_yKatalog online BPK